Online
Catalog

Contando la historia de los árabes del mundo / (Record no. 23057)

MARC details
000 -CABECERA
campo de control de longitud fija 00480nam a2200157 a 4500
001 - NÚMERO DE CONTROL
campo de control 000023561
005 - FECHA Y HORA DE LA ÚLTIMA TRANSACCIÓN
campo de control 20200930022317.0
008 - DATOS DE LONGITUD FIJA--INFORMACIÓN GENERAL
campo de control de longitud fija 101213s1988 ag abch r 000 0 spa d
040 ## - FUENTE DE LA CATALOGACIÓN
Centro catalogador/agencia de origen DO-SdBNP
Lengua de catalogación spa
Centro/agencia transcriptor BNPHU
082 ## - NÚMERO DE LA CLASIFICACIÓN DECIMAL DEWEY
Número de clasificación nnnn
Número de documento/Ítem Z38c
049 ## - FONDOS LOCALES (OCLC)
Fondos de biblioteca BNGR
100 1# - ENTRADA PRINCIPAL--NOMBRE DE PERSONA
Nombre de persona Zaruj, David,
Fechas asociadas al nombre 1914-
9 (RLIN) 48569
245 10 - MENCIÓN DE TÍTULO
Título Contando la historia de los árabes del mundo /
Mención de responsabilidad, etc. David Zaruj.
260 ## - PUBLICACIÓN, DISTRIBUCIÓN, ETC.
Lugar de publicación, distribución, etc. Buenos Aires :
Nombre del editor, distribuidor, etc. Lumen,
Fecha de publicación, distribución, etc. 1988.
300 ## - DESCRIPCIÓN FÍSICA
Extensión 139, [4] p. :
Otras características físicas il., retrs., fascs., mapas ;
Dimensiones 28 cm.
Holdings
Estado de retiro Estado de pérdida Restricciones de uso No para préstamo Código de colección Localización permanente Ubicación/localización actual Ubicación en estantería Fecha de adquisición Número de inventario Total de préstamos Signatura topográfica completa Código de barras Fecha visto por última vez Precio válido a partir de Tipo de ítem Koha
    Préstamo interno   Monografías: Libros y Folletos General General En catalogación 13.12.2010 LF1   nnnn Z38c 23561-10 25.06.2020 25.06.2020 Préstamo interno

Powered by Koha